000 00613nam a2200193 a 4500
001 2357
005 20140414131844.0
008 050531s19uu xx 00 eng d
020 _a971-590-410-6
050 _aM 152.4
_bOn2 2003
100 _aO'Neal, Ted and Jenny
245 _aRespect! :
_bdare to care, share, and be fair /
_cwritten by Ted and Jenny O'Neil ; illustrated by R. W. Alley.
260 _aPasay City :
_bPaulines Publishing House,
_c2003.
300 _a1 v. p. : ill. ; cm.
440 _aElf-help books for kids
650 _aEmotions and feelings.
650 _aAttitude.
999 _c109854
_d109854